000
00310nam a2200109Ia 4500
008
160531s9999 xx 000 0 und d
100
_a
Richardson, Michael.
245
_a
Muscle Atlas of the Extremities
245
_c
by Michael Richardson
260
_c
2011
856
_u
http://rad.washington.edu/muscle-atlas/
999
_c
295496
_d
295496